Responses for Show #6253 - Wednesday, November 23, 2011

Contestants

[<< previous game]

Katherine Philbin, a homemaker from Bedford, New Hampshire

Steven Maio, a family law attorney from Corning, New York

Francis Lansangan, a military analyst from Virginia Beach, Virginia (whose 2-day cash winnings total $40,000)

[next game >>]

Jeopardy! Round responses

THE FIRST SUPPER
OBSESSIONS
GEMS & JEWELRY
HORSE BREED NAMES
ENDS IN DOUBLE E
CHARACTERS IN MOVIES
    $200 7
Abraham Lincoln

Steven
    $200 6
Shakespeare

Francis
    $200 5
the Hope Diamond

Francis
    $200 1
Denmark

Francis
    $200 3
jubilee

Francis
    $200 22
Puss in Boots

Katherine
    $400 17
Eisenhower

Francis
    $400 27
Livingstone

Francis
    $400 11
pearls

Francis
    $400 2
Scotland

Steven
    $400 4
a toupee

Katherine
    $400 23
Scarlett O'Hara

Katherine
    $600 18
Reagan

Steven
    $600 28
protozoa

Steven
    $600 12
jade

Francis
    $600 15
royal

Katherine
    $600 8
chickadee

Francis
    $600 24
Juno

Francis
    $800 19
(Alex: He's the only bachelor president we've had. Right.)

Buchanan

Francis
    $800 29
(Scott) Joplin

Francis
    $800 13
Queen Elizabeth II

Francis
    $800 16
(Katherine: What is palomino?)
(Steven: What is pinto?)

the mustang

StevenKatherine
Triple Stumper
    $800 9
a decree

Katherine
    $3,000 25
(Alex: You're right, and we have less than a minute to go.)

Edward Scissorhands

Francis
    $1000 20
Jimmy Carter

Francis
    $1000 30
Carthage

Steven
    $1000 14
filigree

Steven
    $1000 21
Lipizzaner

Francis
    $1000 10
a soirée

Steven
    $1000 26
Captain Queeg

Francis

Scores at the first commercial break (after clue 15):

Francis Steven Katherine
$3,200 $2,600 $1,800

Scores at the end of the Jeopardy! Round:

Francis Steven Katherine
$12,200 $4,000 $1,600

Double Jeopardy! Round responses

RADIO FACES
ASIA
SCIENCE-Y 3-LETTER WORDS
AS I RECALL
SARAH TONE IN...
(Alex: That's weird, isn't it?)
CHARACTER IN JAMES FENIMORE COOPER
    $400 13
Churchill

Francis
    $400 5
(Katherine: What is China?)

Russia

FrancisKatherine
    $400 26
a lab

Francis
    $400 21
(Katherine: What is hamburger?)
[Originally ruled incorrect; reversed before Final Jeopardy!]

beef

FrancisKatherine
    $400 3
Sarah Michelle Gellar

Triple Stumper
    $400 1
Natty Bumppo

Katherine
    $800 14
Baba Booey

Francis
    $800 9
kickboxing

Katherine
    $800 27
ebb

Francis
    $800 22
carbon monoxide

Francis
    $800 4
Sarah McLachlan

Francis
    $800 2
Pathfinder

Steven
    $1200 15
All Things Considered

Francis
    $1200 10
Mongolian

Katherine
    $1200 28
tin

Steven
    $1200 23
the hip

Katherine
    $1200 6
Sarah Silverman

Francis
    $6,000 18
the Deerslayer

Steven
    $1600 16
Red Barber

Steven
    $4,000 11
the Philippines

Katherine
    $1600 29
lux

Triple Stumper
    $1600 24
blinds

Francis
    $1600 7
Sarah Brightman

Katherine
    $1600 19
(Francis: What is Uncas?)

Hawkeye

FrancisSteven
    $2000 17
Alan Freed

Steven
    $2000 12
Bhutan

Francis
    $2000 30
an eon & an ion

Francis
    $2000 25
cribs

Steven
    $2000 8
Sarah Vaughan

Francis
    $2000 20
(Francis: What is Buckskin?)

Leatherstocking

FrancisKatherine

Scores at the end of the Double Jeopardy! Round:

Francis Steven Katherine
$23,400 $19,200 $12,800

[wagering suggestions for these scores]

Final Jeopardy! Round responses

AMERICAN WOMEN
KatherineWho is Rosie the Riveter?
$12,795
StevenWho is Rosie the Riveter? Riveter?
$19,000
FrancisWho is Rosie the Riveter?
$15,001
Rosie the Riveter

Final scores:

Francis Steven Katherine
$38,401 $38,200 $25,595
3-day champion: $78,401 2nd place: $2,000 3rd place: $1,000

Game dynamics:

Coryat scores:

Francis Steven Katherine
$21,200 $14,400 $10,400
31 R
(including 1 DD),
2 W
14 R
(including 1 DD),
1 W
13 R
(including 1 DD),
2 W

Combined Coryat: $46,000

[game clues] [game scores] [suggest correction]

Game tape date: 2011-10-10
The J! Archive is created by fans, for fans. Scraping, republication, monetization, and malicious use prohibited; this site may use cookies and collect identifying information. See terms. The Jeopardy! game show and all elements thereof, including but not limited to copyright and trademark thereto, are the property of Jeopardy Productions, Inc. and are protected under law. This website is not affiliated with, sponsored by, or operated by Jeopardy Productions, Inc. Join the discussion at JBoard.tv.